00549cam a22002171 4500001001300000003000400013005001700017008004100034010001700075035002000092040001800112042001200130050001600142100004000158245002400198260002100222300003400243500001500277650002200292999001700314ne 68000297 DLC20260227111837.0890321q1966 xx ab 000 0 ara  ane 68000297  a(OCoLC)23483850 aDLCcMiUdDLC apremarc00aJX4143b.J32 aJahān-namā, Ibrāhīm,d1935-10aFalāt-i qārrah. c[1966 or 7] 1345 a280 p.billus., maps.c24 cm. aRomanized. 0aContinental shelf c49985d49985